000 00244nam a2200109Ia 4500
005 20251222154307.0
008 251222s9999||||xx |||||||||||||| ||spa||
082 _a888.6/P68A
100 _aPlutarco
245 0 _aAlejandro y César
942 _cLIB
999 _c33248
_d33248